00337nam a2200133Ia 4500008004100000040001900041041001200060082002900072100001000101245002000111260004100131300002100172850001000193131103s9999 xx 000 0 und d aLoreto College aEnglish a891.433/SHAbLCLIB/31092 aShani aKala JalcShani aNew DelhibRajkamal Paperbooksc1985 a307 p. c 18 cm. aLCLIB